| 000 | 02295cam a22003137a 4500 | ||
|---|---|---|---|
| 999 |
_c4249 _d4249 |
||
| 003 | GZU | ||
| 005 | 20210315101442.0 | ||
| 008 | 110729s2009 sw b 000 0 eng d | ||
| 020 | _a9789158641006 (pbk.) | ||
| 040 | _cEYR | ||
| 050 | 0 | 0 |
_aHQ1236.5 _bSCH 2009 |
| 245 | 0 | 0 |
_aBody politics and women citizens : _bAfrican experiences / _cAnn Schlyter, editor ; Lucy Kondwani Chipeta ... [et al.] |
| 260 |
_aStockholm : _bSwedish International Development Cooperation Agency, _c2009. |
||
| 300 |
_a151 p. ; _c24 cm. |
||
| 490 | 1 |
_aSida studies ; _vno. 24 |
|
| 500 | _a"This volume is based on papers originally presented at the research conference "Body Politics and Gender Justice", held in Cape Town in February 2009." | ||
| 504 | _aIncludes bibliographical references. | ||
| 505 | 0 | _aIntroduction / Ann Schlyter --Contesting illegality: women in the informal copper business on the Zambian copperbelt / Patience Mususa -- Women coping with change: urban poverty and everyday politics in northern Mozambique / Margareta Espling -- Bodies at work in Volvo plants in Sweden and South Africa / Paula Mählck -- Polygamous families in urban Malawi: sharing housing and resources / Lucy Kondwani Chipeta -- Essential motherhood: implications for law and population policy / Mulela Margaret Munalula -- Teenage pregnancy and HIV in South Africa / Nolwazi Mkhwanazi -- From pain to virtue: clitoridectomy and other ordeals in the creation of a female person / Lisen Dellenborg -- Bearing the pain: changing views of the meaning and morality of suffering / Maria Malmström -- Women in the back seat in Malian citizenship / Assitan Diallo -- Gendered spectacle: new terrains of struggle in South Africa / Desiree Lewis -- Postscript: challenges to rights-based approaches in support of women citizens / Ann Schlyter. | |
| 650 | 0 |
_aWomen's rights _zAfrica. |
|
| 650 | 0 |
_aWomen _zAfrica _xSocial conditions. |
|
| 650 | 0 |
_aWomen _xEmployment _zAfrica. |
|
| 650 | 0 |
_aSex role _xPolitical aspects _zAfrica. |
|
| 700 | 1 | _aSchlyter, Ann. | |
| 700 | 1 | _aChipeta, Lucy. | |
| 711 | 2 |
_aResearch Conference on "Body Politics and Gender Justice" _d(2009 : _cCape Town, South Africa) |
|
| 830 | 0 |
_aSida studies ; _vno. 24. |
|
| 906 |
_a7 _bcbc _ccopycat _d3 _encip _f20 _gy-gencatlg |
||
| 942 |
_2lcc _cBK _h1236.5 _iSCH _kHQ |
||